ISTAR na padáku

Podrobná bibliografia
Hlavný autor: Žiak, Jozef (Autor, Fotograf)
Médium: Článok
Jazyk:slovenčina
Fyzický popis:Fotografie
ISSN:1336-1910
Predmet:
On-line prístup:https://www.mosr.sk/obrana-12020/

MARC

LEADER 00000nab a2200000 4500
001 vtls012029501
003 SK-MaSNL
005 20260304032146.0
008 210430 2020 xo 000 0 slo
015 |a SNBRB2020/01  |2 LMAOSK 
040 |a LMAOSK  |b slo  |d LMAOSK  |e rda 
041 0 |a slo 
043 |a e-xo--- 
044 |a xo  |c SK 
072 7 |a 355/359  |x Vojenstvo. Obrana krajiny. Ozbrojené sily  |2 konspekt 
080 |a 355.1  |2 2011 
080 |a (046)  |2 2011 
080 |a (437.6)  |2 2011 
080 |a 356.169  |2 2011 
100 1 |a Žiak, Jozef  |4 aut  |4 pht  |9 11588 
245 1 0 |a ISTAR na padáku  |c text a foto: Jozef Žiak 
300 |b Fotografie 
336 |a text  |b txt  |2 rdacontent 
337 |a bez média  |b n  |2 rdamedia 
338 |a zväzok  |b nc  |2 rdacarrier 
500 |a Koncom novembra sa na prešovskom letisku konala výsadková príprava práporu ISTAR 
610 1 7 |a Slovensko.  |b Ozbrojené sily  |2 SNKKA  |9 88133 
650 0 7 |a ozbrojené sily  |2 SNKPH  |9 1644 
650 0 7 |a vojenskí parašutisti  |2 LMAOSK  |9 78625 
650 0 7 |a ISTAR (prápor)  |2 LMAOSK  |9 1312671 
655 7 |a články  |2 SNKPH  |9 70601 
700 1 |a Žiak, Jozef  |4 pht  |9 11588 
773 0 |t Obrana  |g Roč. XXVIII č. 1 (2020), s. 8-11  |x 1336-1910 
852 |a LMAOSK  |b KIS3GCP 
856 4 1 |u https://www.mosr.sk/obrana-12020/ 
958 |a NB 
999 |c 2641582  |d 2643512